000 00229nam a2200097Ia 4500
005 20251222114339.0
008 251222s1900||||xx |||||||||||||| ||spa||
082 _aDVD0070/R84/2003
245 0 _aAlma de héroes:Seabiscuit
942 _cDVD
999 _c772
_d772